000 01205nam a2200253Ia 4500
999 _c38971
_d38971
001 5429
003 GE_BSU
005 20191023112733.0
008 181216s||||||||xx |||||||||||||| ||und||
020 _a9789941013935
040 _cGE_BSU
080 _a336.01(075.8) ვ-18
100 _aვანიშვილი, მერაბ
_94941
245 _aფინანსების თეორია ქართული პრაქტიკით :
_bლექციების კურსი /
_cმეცნიერ რედ. კარლო ღურწკაია.
264 _aთბილისი :
_bსაზოგადოება ცოდნა,
_c2010.
300 _a388 გვ.;
_bცხრ. ;
_c20 სმ.
504 _aბიბლიოგრ.: გვ. 378-382.
653 _aეკონომიკა;
653 _aსაოჯახო მეურნეობის ფინანსები;
653 _aსახელმწიფო ბიუჯეტი;
700 _aნოზაძე, მზევინარ
_eავტორი
_94942
700 _aღურწკაია, კარლო
_eრედაქტორი
_93333
942 _cBK
_2udc